[Event "Seefeld-Open"]
[Site "Seefeld"]
[Date "2009.09.24"]
[Round "1.1"]
[White "Farago, Ivan"]
[Black "Braun, Rüdiger"]
[Result "1-0"]
[WhiteElo "2476"]
[BlackElo "1980"]
[PlyCount "61"]
[EventDate "2009.??.??"]
[WhiteTeam "Budapest"]
[BlackTeam "SF Birkenfeld e.V."]

1. d4 d5 2. c4 Nc6 3. Nc3 Nf6 4. Nf3 dxc4 5. d5 Nb8 6. e4 e6 7. Bxc4 exd5 8.
exd5 Be7 9. O-O O-O 10. Re1 Nbd7 11. h3 Nb6 12. Bb3 Bf5 13. Nd4 Bg6 14. Qf3 a6
15. Bf4 h6 16. d6 Bxd6 17. Bxd6 Qxd6 18. Rad1 Qc5 19. Qxb7 a5 20. Qc6 Qxc6 21.
Nxc6 Kh8 22. a4 Nbd7 23. Bc4 Nc5 24. Re5 Nb7 25. Re7 Nc5 26. Rxc7 Rfc8 27.
Rxc8+ Rxc8 28. Nxa5 Bc2 29. Ra1 Rb8 30. Bb5 Nfd7 31. b4 1-0

[Event "Seefeld-Open"]
[Site "Seefeld"]
[Date "2009.09.24"]
[Round "1.2"]
[White "Kleinhenz, Hans-Georg"]
[Black "Müller, Ralf"]
[Result "0-1"]
[WhiteElo "1956"]
[BlackElo "2410"]
[PlyCount "46"]
[EventDate "2009.??.??"]
[WhiteTeam "Stolberger Schachverein 1927"]
[BlackTeam "SV HP Böblingen"]

1. d4 Nf6 2. c4 g6 3. Nc3 d5 4. e3 Bg7 5. Nf3 O-O 6. Bd2 c6 7. Rc1 dxc4 8. Bxc4
Nbd7 9. O-O b5 10. Bd3 a5 11. Ne4 Qb6 12. Qc2 Bb7 13. b4 axb4 14. Bxb4 Rfe8 15.
a3 Nxe4 16. Bxe4 Rac8 17. Bc5 Qc7 18. Rfd1 e6 19. Nd2 Nxc5 20. dxc5 Ra8 21. Qb3
Bc8 22. Rc2 e5 23. Ra1 Be6 0-1

[Event "Seefeld-Open"]
[Site "Seefeld"]
[Date "2009.09.24"]
[Round "1.3"]
[White "Schunk, Thomas"]
[Black "Wiesbeck, Florian"]
[Result "1-0"]
[WhiteElo "2279"]
[BlackElo "1954"]
[PlyCount "37"]
[EventDate "2009.??.??"]

1. c4 c5 2. Nf3 Nf6 3. d4 cxd4 4. Nxd4 b6 5. Nc3 Bb7 6. f3 e6 7. e4 d6 8. Be2
Be7 9. O-O Nbd7 10. Be3 a6 11. Rc1 O-O 12. b4 Qc7 13. Qb3 Rfe8 14. Rc2 Rac8 15.
Rfc1 Qb8 16. a4 Bd8 17. Bf1 d5 18. exd5 exd5 19. Nxd5 1-0

[Event "Seefeld-Open"]
[Site "Seefeld"]
[Date "2009.09.24"]
[Round "1.4"]
[White "Kreie, Günter"]
[Black "Eperjesi, Laslo Dr"]
[Result "0-1"]
[WhiteElo "1940"]
[BlackElo "2250"]
[PlyCount "48"]
[EventDate "2009.??.??"]
[WhiteTeam "Detmold"]
[BlackTeam "Budapest"]

1. e4 c6 2. d4 d5 3. exd5 cxd5 4. c4 Nf6 5. Nc3 e6 6. Nf3 Bb4 7. cxd5 Nxd5 8.
Bd2 Nc6 9. a3 Nxc3 10. bxc3 Be7 11. Bb5 Bd7 12. O-O O-O 13. Qe2 Rc8 14. Bd3 Bf6
15. Rfd1 Re8 16. h4 g6 17. Ng5 Na5 18. Ne4 Ba4 19. Nxf6+ Qxf6 20. Bg5 Bxd1 21.
Bxf6 Bxe2 22. Bxe2 Nc4 23. Rb1 b6 24. a4 Nd2 0-1

[Event "Seefeld-Open"]
[Site "Seefeld"]
[Date "2009.09.24"]
[Round "1.5"]
[White "Ruisinger, Werner"]
[Black "Koch, Dieter Dr"]
[Result "1/2-1/2"]
[WhiteElo "2175"]
[BlackElo "1891"]
[PlyCount "42"]
[EventDate "2009.??.??"]
[WhiteTeam "SK 1908 Göggingen"]
[BlackTeam "SC Ammersee"]

1. e4 e5 2. Bc4 Qe7 3. Nc3 c6 4. d3 d6 5. f4 Qh4+ 6. g3 Qe7 7. Qe2 g6 8. h3 Bg7
9. Nf3 Nd7 10. Bd2 b5 11. Bb3 a5 12. a4 b4 13. Nd1 Nc5 14. Bc4 Nh6 15. c3 Ba6
16. Bxa6 Nxa6 17. Ne3 Nc5 18. cxb4 Nb3 19. Rb1 Nxd2 20. Qxd2 exf4 21. gxf4 axb4
1/2-1/2

[Event "Seefeld-Open"]
[Site "Seefeld"]
[Date "2009.09.24"]
[Round "1.7"]
[White "Stark, Ingo"]
[Black "Russ, Colin"]
[Result "1-0"]
[WhiteElo "2153"]
[BlackElo "1874"]
[PlyCount "41"]
[EventDate "2009.??.??"]
[WhiteTeam "TSG Oberschöneweide"]
[BlackTeam "London"]

1. e4 c6 2. Nc3 d5 3. Nf3 dxe4 4. Nxe4 Nf6 5. Nxf6+ gxf6 6. d4 Bg4 7. Be2 e6 8.
O-O Rg8 9. Kh1 Qc7 10. Re1 Nd7 11. Bd3 O-O-O 12. h3 Bxf3 13. Qxf3 f5 14. c4 Nb6
15. Bf4 Qd7 16. d5 c5 17. Rad1 exd5 18. Re5 Rg6 19. Bxf5 Re6 20. cxd5 Bg7 21.
Rxe6 1-0

[Event "Seefeld-Open"]
[Site "Seefeld"]
[Date "2009.09.24"]
[Round "1.8"]
[White "Duric, Rajko"]
[Black "Kammers, Heribert"]
[Result "0-1"]
[WhiteElo "1857"]
[BlackElo "2147"]
[PlyCount "68"]
[EventDate "2009.??.??"]
[WhiteTeam "SC Kreuzberg"]
[BlackTeam "SK 32 Münster"]

1. e4 e6 2. g3 d5 3. Bg2 Nf6 4. exd5 exd5 5. c3 Be7 6. Ne2 O-O 7. O-O c6 8. h3
Bf5 9. d3 Qb6 10. Nd4 Bg6 11. Nf3 Bd6 12. Kh2 h6 13. b3 Nbd7 14. Be3 Qc7 15. d4
Rae8 16. Bc1 Ne4 17. Nfd2 Nxf2 18. Qf3 Ne4 19. Nxe4 Bxe4 20. Qf2 Nf6 21. Bf4
Bd3 22. Bxd6 Qxd6 23. Re1 Rxe1 24. Qxe1 Re8 25. Qd2 Ba6 26. Bf3 Ne4 27. Qg2 Ng5
28. Bg4 f5 29. Bd1 Re1 30. Qd2 Qe6 31. h4 Qe4 32. Qg2 Qxg2+ 33. Kxg2 Rxd1 34.
hxg5 Bd3 0-1

[Event "Seefeld-Open"]
[Site "Seefeld"]
[Date "2009.09.24"]
[Round "1.13"]
[White "Allgaier, Erik"]
[Black "Egger, Herbert"]
[Result "1-0"]
[WhiteElo "2073"]
[BlackElo "1775"]
[PlyCount "67"]
[EventDate "2009.??.??"]
[WhiteTeam "BVG Helmholtz"]
[BlackTeam "PSV Innsbruck"]

1. Nf3 d5 2. e3 Nf6 3. d4 e6 4. Bd3 Be7 5. Nbd2 O-O 6. O-O Nbd7 7. Qe2 c6 8. b3
Bd6 9. Bb2 Re8 10. Ne5 Nf8 11. f4 c5 12. g4 cxd4 13. exd4 N6d7 14. g5 f6 15.
gxf6 Qxf6 16. Qh5 g6 17. Qh3 Qg7 18. Rf2 Nf6 19. Rg2 Be7 20. Re1 Rd8 21. Re3
Ne8 22. Reg3 Qf6 23. Bxg6 Nxg6 24. Nxg6 Ng7 25. Nxe7+ Qxe7 26. Rxg7+ Qxg7 27.
Rxg7+ Kxg7 28. Qh5 Rg8 29. Nf3 Bd7 30. Ng5 Raf8 31. Qxh7+ Kf6 32. Qxd7 Kf5 33.
Qxe6+ Kxf4 34. Bc1# 1-0

[Event "Seefeld-Open"]
[Site "Seefeld"]
[Date "2009.09.24"]
[Round "1.16"]
[White "Löw, Bernd"]
[Black "Gabriel, Wilfried"]
[Result "1/2-1/2"]
[WhiteElo "1645"]
[BlackElo "2053"]
[PlyCount "73"]
[EventDate "2009.??.??"]
[WhiteTeam "SV Schwalbach"]
[BlackTeam "Pasing"]

1. e4 e5 2. Nf3 Nc6 3. d4 exd4 4. Nxd4 Bc5 5. Be3 Nxd4 6. Bxd4 Bxd4 7. Qxd4 Qg5
8. Nd2 Ne7 9. Nf3 Qa5+ 10. c3 O-O 11. Bd3 Nc6 12. Qe3 Ne5 13. Nxe5 Qxe5 14. f4
Qh5 15. O-O d6 16. f5 f6 17. Rf3 Qf7 18. b3 Qe7 19. Bc4+ Kh8 20. Re1 Bd7 21.
Qf2 b5 22. Bd3 Qe5 23. Bc2 c5 24. Rd1 Bc6 25. Re3 Rfe8 26. Qh4 Rad8 27. Rde1
Re7 28. Bd1 Be8 29. Rh3 h6 30. Rd3 Red7 31. Bf3 Bf7 32. Rde3 a5 33. Bh5 Qe8 34.
Bxf7 Qxf7 35. Qf2 Qe7 36. Qe2 Rb7 37. Rd1 1/2-1/2

[Event "Seefeld-Open"]
[Site "Seefeld"]
[Date "2009.09.24"]
[Round "1.17"]
[White "Schmidt, Jürgen"]
[Black "Senn, Othmar"]
[Result "1-0"]
[WhiteElo "2035"]
[BlackElo "1551"]
[PlyCount "43"]
[EventDate "2009.??.??"]
[WhiteTeam "SC Kreuzberg"]

1. e4 c5 2. Nf3 d6 3. d4 cxd4 4. Nxd4 Nf6 5. Nc3 a6 6. Bc4 e6 7. Bb3 Be7 8. O-O
O-O 9. f4 b5 10. f5 e5 11. Nde2 Bb7 12. Ng3 Qb6+ 13. Kh1 Nbd7 14. Bg5 h6 15.
Bxf6 Nxf6 16. Nh5 Nxe4 17. Nxe4 Qc6 18. Qg4 Bg5 19. Nxg5 d5 20. Bxd5 Qxd5 21.
Nf6+ gxf6 22. Ne6+ 1-0

[Event "Seefeld-Open"]
[Site "Seefeld"]
[Date "2009.09.24"]
[Round "1.18"]
[White "Halli, Gerhard"]
[Black "Mitzel, Robert"]
[Result "1/2-1/2"]
[WhiteElo "1855"]
[BlackElo "2031"]
[PlyCount "61"]
[EventDate "2009.??.??"]
[WhiteTeam "SK 1947 Sandhausen e.V."]
[BlackTeam "SK Göggingen-Augsburg"]

1. d4 Nf6 2. c4 e6 3. Nc3 Bb4 4. Qc2 c5 5. Nf3 Nc6 6. e3 O-O 7. Bd3 d5 8. cxd5
exd5 9. O-O cxd4 10. Nxd4 Nxd4 11. exd4 h6 12. Bf4 Bd6 13. Ne2 Bg4 14. Qd2 Re8
15. Bxd6 Bxe2 16. Bxe2 Ne4 17. Qd3 Qxd6 18. Rac1 Rec8 19. Bf3 Qf4 20. Rcd1 Rc7
21. g3 Qd6 22. Rc1 Rxc1 23. Rxc1 Nf6 24. Qb5 b6 25. a4 Rd8 26. a5 bxa5 27. Qxa5
a6 28. Ra1 Rb8 29. Qxa6 Qxa6 30. Rxa6 Rxb2 31. Ra5 1/2-1/2

[Event "Seefeld-Open"]
[Site "Seefeld"]
[Date "2009.09.24"]
[Round "1.19"]
[White "Van Eck, Ted"]
[Black "Oettel, Lothar"]
[Result "1/2-1/2"]
[WhiteElo "2025"]
[BlackElo "1817"]
[PlyCount "26"]
[EventDate "2009.??.??"]
[WhiteTeam "De Pion"]
[BlackTeam "TSG Oberschöneweide"]

1. Nf3 Nf6 2. c4 g6 3. b4 Bg7 4. Bb2 O-O 5. g3 d6 6. Bg2 c6 7. O-O Qb6 8. Qb3
a5 9. Bd4 Qxb4 10. Bc3 Qxb3 11. axb3 a4 12. bxa4 Be6 13. d3 d5 1/2-1/2

[Event "Seefeld-Open"]
[Site "Seefeld"]
[Date "2009.09.24"]
[Round "1.20"]
[White "Nießner, Ansgar"]
[Black "Buchäckert, Jürgen"]
[Result "1/2-1/2"]
[WhiteElo "1738"]
[BlackElo "1991"]
[PlyCount "46"]
[EventDate "2009.??.??"]
[WhiteTeam "Mittenwald"]
[BlackTeam "Sk 1912 Ludwigshafen"]

1. e4 d5 2. exd5 Qxd5 3. Nc3 Qa5 4. d4 c6 5. Nf3 Nf6 6. Be2 Bf5 7. Bd2 Qc7 8.
Ne5 e6 9. Bf4 Bd6 10. O-O Nbd7 11. Nxd7 Qxd7 12. Bxd6 Qxd6 13. Bf3 O-O 14. Ne2
Rfd8 15. c3 e5 16. Ng3 Be6 17. dxe5 Qxe5 18. Qc2 Rd7 19. Rfe1 Qa5 20. a3 Rad8
21. Rad1 h6 22. Rxd7 Rxd7 23. Rd1 Qd8 1/2-1/2

[Event "Seefeld-Open"]
[Site "Seefeld"]
[Date "2009.09.24"]
[Round "1.22"]
[White "Will, Theo"]
[Black "Willin, Bernhard"]
[Result "0-1"]
[WhiteElo "1702"]
[BlackElo "1988"]
[PlyCount "84"]
[EventDate "2009.??.??"]
[WhiteTeam "Sk gap"]

1. e4 c5 2. Nf3 e6 3. d4 cxd4 4. Nxd4 a6 5. Nc3 Qc7 6. a3 b5 7. Bd3 Bb7 8. O-O
Nf6 9. Qe2 d6 10. Be3 Nbd7 11. Nb3 Nc5 12. Bf4 Nfd7 13. Nd2 Be7 14. Rac1 Bf6
15. Ndb1 Ne5 16. Be3 h5 17. h3 g5 18. f4 gxf4 19. Bxf4 O-O-O 20. Be3 Bh4 21. b4
Ncd7 22. a4 bxa4 23. Nxa4 Kb8 24. Bxa6 Bxe4 25. Rf4 Bxg2 26. Qb5+ Ka8 27. Kxg2
Rhg8+ 28. Kf1 Rb8 29. Qe2 Qc6 30. Bg1 Bg5 31. b5 Qh1 32. Qe3 Nc5 33. Nxc5 Bxf4
34. Qe4+ Qxe4 35. Nxe4 Bxc1 36. Bf2 Nc4 37. Nbc3 Be3 38. b6 Bxf2 39. Kxf2 Nxb6
40. Nxd6 Nd5 41. Na4 Rb4 42. Bb5 Rf4+ 0-1

[Event "Seefeld-Open"]
[Site "Seefeld"]
[Date "2009.09.24"]
[Round "1.24"]
[White "Schett, Franz"]
[Black "Ranker, Klemens"]
[Result "1/2-1/2"]
[WhiteElo "1663"]
[BlackElo "1982"]
[PlyCount "50"]
[EventDate "2009.??.??"]
[WhiteTeam "SF Hak/HAS"]

1. e4 c5 2. Nf3 Nc6 3. d4 cxd4 4. Nxd4 e6 5. Be2 g6 6. O-O Bg7 7. c3 Nf6 8. Nd2
O-O 9. Kh1 e5 10. Nc2 d5 11. Bf3 d4 12. cxd4 Nxd4 13. Nxd4 Qxd4 14. Qe2 Bd7 15.
Nb3 Qb4 16. Bd2 Qe7 17. Rac1 Rfc8 18. Be3 b6 19. Rfd1 Rxc1 20. Rxc1 Bc8 21. h3
Bb7 22. Nd2 Rd8 23. g4 Ne8 24. Bg2 Qb4 25. b3 Qe7 1/2-1/2

[Event "Seefeld-Open"]
[Site "Seefeld"]
[Date "2009.09.25"]
[Round "2.1"]
[White "Braun, Joachim"]
[Black "Farago, Ivan"]
[Result "1-0"]
[WhiteElo "2138"]
[BlackElo "2476"]
[PlyCount "85"]
[EventDate "2009.??.??"]
[WhiteTeam "SF Birkenfeld e.V."]
[BlackTeam "Budapest"]

1. e4 c5 2. Nf3 e6 3. d4 cxd4 4. Nxd4 a6 5. Nc3 Qc7 6. g3 Bb4 7. Bd2 Nf6 8. Bg2
Be7 9. O-O Nc6 10. Be3 O-O 11. Qe2 d6 12. Rad1 Bd7 13. Nb3 Ne5 14. h3 Nc4 15.
Bc1 Rac8 16. Nd4 b5 17. f4 Rfe8 18. Rf2 b4 19. Nb1 e5 20. b3 exd4 21. bxc4 Qxc4
22. Qxc4 Rxc4 23. e5 Nh5 24. g4 Bh4 25. gxh5 Bxf2+ 26. Kxf2 Rxc2+ 27. Kg3 dxe5
28. fxe5 Rxe5 29. Rxd4 Rxc1 30. Rxd7 h6 31. Nd2 Rg5+ 32. Kh2 Rxh5 33. Bd5 Rf5
34. Be4 Rf2+ 35. Kg3 Rxd2 36. Rxd2 g6 37. Rd7 Rc3+ 38. Kg2 Rc4 39. Bd5 Rf4 40.
Rd6 Rf5 41. Bb3 Rg5+ 42. Kh2 Rf5 43. Rxg6+ 1-0

[Event "Seefeld-Open"]
[Site "Seefeld"]
[Date "2009.09.25"]
[Round "2.2"]
[White "Müller, Ralf"]
[Black "Pregl, Walter"]
[Result "1-0"]
[WhiteElo "2410"]
[BlackElo "2115"]
[PlyCount "67"]
[EventDate "2009.??.??"]
[WhiteTeam "SV HP Böblingen"]
[BlackTeam "Absam"]

1. Nf3 Nf6 2. c4 g6 3. Nc3 Bg7 4. e4 d6 5. d4 O-O 6. Be2 Nc6 7. d5 Nb8 8. h3
Nbd7 9. Be3 e6 10. dxe6 fxe6 11. e5 dxe5 12. Ng5 Qe7 13. Qc2 Re8 14. O-O Nf8
15. Nge4 b6 16. Bf3 Rb8 17. Rad1 Nxe4 18. Bxe4 Nd7 19. Bc6 Rf8 20. Ne4 Nf6 21.
Bg5 Qf7 22. Bxf6 Bxf6 23. Rd3 Bg7 24. Rfd1 Bb7 25. Qa4 Bxc6 26. Qxc6 Rbc8 27.
b4 Bh6 28. Rf3 Qe7 29. Rd7 Qxb4 30. Qxe6+ Kh8 31. Qxe5+ Kg8 32. Rxf8+ Rxf8 33.
Nf6+ Rxf6 34. Qxf6 1-0

[Event "Seefeld-Open"]
[Site "Seefeld"]
[Date "2009.09.25"]
[Round "2.3"]
[White "Mikulic, Oliver"]
[Black "Schunk, Thomas"]
[Result "1/2-1/2"]
[WhiteElo "2086"]
[BlackElo "2279"]
[PlyCount "46"]
[EventDate "2009.??.??"]
[WhiteTeam "Rochade Rum"]
[BlackTeam "Leipzig-Gohlis"]

1. Nf3 d6 2. d4 Nf6 3. c4 g6 4. Nc3 Bg7 5. Bg5 Nbd7 6. Qd2 h6 7. Bh4 g5 8. Bg3
Nh5 9. e3 c6 10. Bd3 Qc7 11. c5 Nxg3 12. cxd6 exd6 13. hxg3 Nf6 14. Qc2 Be6 15.
Nd2 a6 16. Nde4 Nd5 17. Nxd5 Bxd5 18. g4 Bxe4 19. Bxe4 O-O-O 20. O-O-O Kb8 21.
Rd3 d5 22. Bf3 Rd6 23. Kb1 Rc8 1/2-1/2

[Event "Seefeld-Open"]
[Site "Seefeld"]
[Date "2009.09.25"]
[Round "2.5"]
[White "Lang, Ferdinand"]
[Black "Neuens, Heiko"]
[Result "1/2-1/2"]
[WhiteElo "2156"]
[BlackElo "2067"]
[PlyCount "62"]
[EventDate "2009.??.??"]
[WhiteTeam "SC Blau.Turm Bad Wimpfen"]
[BlackTeam "SC 1948 Prüm"]

1. e4 Nf6 2. Nc3 d5 3. exd5 Nxd5 4. Bc4 e6 5. Nf3 Be7 6. O-O O-O 7. d3 b6 8.
Bd2 Bb7 9. Ne4 Nd7 10. Qe2 N7f6 11. Rad1 c5 12. d4 Qc7 13. dxc5 Nxe4 14. Qxe4
Nc3 15. Qe5 Qxe5 16. Nxe5 Nxd1 17. c6 Bxc6 18. Nxc6 Bf6 19. Rxd1 Rfc8 20. Ba6
Rxc6 21. Bb7 Rac8 22. Bxc6 Rxc6 23. Bc3 Be7 24. Kf1 Rd6 25. Rxd6 Bxd6 26. h3 g6
27. Ke2 b5 28. Kd3 Kf8 29. Bd4 a6 30. c4 Ke7 31. c5 Bc7 1/2-1/2

[Event "Seefeld-Open"]
[Site "Seefeld"]
[Date "2009.09.25"]
[Round "2.6"]
[White "Mertens, Klaus"]
[Black "Stark, Ingo"]
[Result "0-1"]
[WhiteElo "2070"]
[BlackElo "2153"]
[PlyCount "104"]
[EventDate "2009.??.??"]
[WhiteTeam "SV Mainz-Mombach"]
[BlackTeam "TSG Oberschöneweide"]

1. Nf3 b5 2. d4 Bb7 3. g3 e6 4. Bg2 c5 5. O-O cxd4 6. Nxd4 Bxg2 7. Kxg2 Qb6 8.
Qd3 a6 9. Rd1 Nf6 10. a4 b4 11. Nd2 Nc6 12. Nc4 Qxd4 13. Qxd4 Nxd4 14. Rxd4 Bc5
15. Rd3 d5 16. Ne5 Rc8 17. c3 Bd6 18. Nf3 bxc3 19. Rxc3 Rxc3 20. bxc3 Kd7 21.
Rb1 Rc8 22. Rb7+ Rc7 23. Rxc7+ Bxc7 24. Nd2 Ba5 25. Bb2 Kc6 26. Nb3 Bb6 27. f3
Nd7 28. e4 dxe4 29. fxe4 Nc5 30. Nd4+ Kd7 31. Kf3 Nxa4 32. Ba1 Kd6 33. Ke2 Ke5
34. Nf3+ Kxe4 35. Ng5+ Kd5 36. Nxf7 Kc4 37. Ng5 e5 38. Ne4 a5 39. Nd2+ Kd5 40.
c4+ Ke6 41. Nf3 Bc7 42. Ng5+ Kf5 43. Nxh7 Nb6 44. h4 Nxc4 45. Ng5 a4 46. Kd3
Na5 47. Ne4 a3 48. Bc3 Nb3 49. Kc4 Kxe4 50. Kxb3 Bd6 51. Kc4 Kf3 52. Kd5 Bb8
0-1

[Event "Seefeld-Open"]
[Site "Seefeld"]
[Date "2009.09.25"]
[Round "2.7"]
[White "Kammers, Heribert"]
[Black "Schmidt, Jürgen"]
[Result "1/2-1/2"]
[WhiteElo "2147"]
[BlackElo "2035"]
[PlyCount "46"]
[EventDate "2009.??.??"]
[WhiteTeam "SK 32 Münster"]
[BlackTeam "SC Kreuzberg e.V."]

1. d4 d5 2. c4 c6 3. cxd5 cxd5 4. Nf3 Nf6 5. Nc3 Nc6 6. Bf4 Bf5 7. e3 e6 8. Rc1
Be7 9. Bb5 Nd7 10. O-O Rc8 11. Na4 O-O 12. a3 Bg4 13. Bxc6 bxc6 14. b4 a5 15.
Nc5 axb4 16. axb4 Nb6 17. Ra1 Ra8 18. Qc2 Bxf3 19. gxf3 Nc4 20. Qc3 Bxc5 21.
bxc5 Qf6 22. Bd6 Qxf3 23. Bxf8 Qg4+ 1/2-1/2

[Event "Seefeld-Open"]
[Site "Seefeld"]
[Date "2009.09.25"]
[Round "2.8"]
[White "Gabriel, Wilfried"]
[Black "Scholz, Herbert"]
[Result "1-0"]
[WhiteElo "2053"]
[BlackElo "1988"]
[PlyCount "83"]
[EventDate "2009.??.??"]
[WhiteTeam "Pasing"]
[BlackTeam "PTSV Neustadt"]

1. e4 c6 2. d4 d5 3. Nc3 dxe4 4. Nxe4 Nd7 5. Bd3 Ngf6 6. Nxf6+ Nxf6 7. Nf3 Bg4
8. c3 e6 9. h3 Bxf3 10. Qxf3 Bd6 11. O-O h6 12. Re1 Qc7 13. b4 a6 14. a4 O-O
15. Bxh6 gxh6 16. Qxf6 Bh2+ 17. Kf1 Qf4 18. Qxf4 Bxf4 19. Re2 Bg5 20. g3 Rfd8
21. f4 Bf6 22. Be4 Rd6 23. a5 Bg7 24. Rae1 Rad8 25. Kg2 Kf8 26. Bc2 Bf6 27. Kf3
R8d7 28. Rh1 Re7 29. h4 Ke8 30. g4 Kd7 31. g5 Bg7 32. Rhe1 hxg5 33. hxg5 Bf8
34. f5 exf5 35. Bxf5+ Kd8 36. Kf4 Rxe2 37. Rxe2 Be7 38. Rh2 Bf8 39. Rh7 f6 40.
g6 Rd5 41. g7 Bd6+ 42. Kg4 1-0

[Event "Seefeld-Open"]
[Site "Seefeld"]
[Date "2009.09.25"]
[Round "2.12"]
[White "Buchäckert, Jürgen"]
[Black "Halli, Gerhard"]
[Result "1/2-1/2"]
[WhiteElo "1991"]
[BlackElo "1855"]
[PlyCount "80"]
[EventDate "2009.??.??"]
[WhiteTeam "SK 1912 Ludwigshafen"]
[BlackTeam "SK 1947 Sandhausen e.V."]

1. e4 d5 2. exd5 Qxd5 3. Nc3 Qa5 4. b4 Qxb4 5. Nb5 Qa5 6. Bc4 Nf6 7. Nf3 e6 8.
O-O c6 9. Nc3 Bb4 10. Bb2 O-O 11. a3 Bd6 12. Re1 Nbd7 13. Ne4 Be7 14. Qe2 Nxe4
15. Qxe4 Bf6 16. Bd3 g6 17. Bxf6 Nxf6 18. Qh4 Kg7 19. Re5 Qd8 20. Qg3 Nd5 21.
h4 Qf6 22. Rae1 Qf4 23. Qh3 f6 24. R5e4 e5 25. g4 Qh6 26. Qg3 Nf4 27. Bf1 Kh8
28. d4 Bf5 29. R4e3 Nd5 30. Rb3 Bxc2 31. Rxb7 Qf4 32. Qxf4 exf4 33. Re6 Rab8
34. Rxb8 Rxb8 35. Rxc6 Bd1 36. Nd2 Bxg4 37. Bc4 Rd8 38. Ne4 Bf3 39. Nd2 Bg4 40.
Ne4 Bf3 1/2-1/2

[Event "Seefeld-Open"]
[Site "Seefeld"]
[Date "2009.09.26"]
[Round "3.1"]
[White "Stark, Ingo"]
[Black "Braun, Joachim"]
[Result "1/2-1/2"]
[WhiteElo "2153"]
[BlackElo "2138"]
[PlyCount "76"]
[EventDate "2009.??.??"]
[WhiteTeam "TSG Oberschöneweide"]
[BlackTeam "SF Birkenfeld e.V."]

1. e4 c5 2. Nf3 d6 3. d4 cxd4 4. Nxd4 Nf6 5. Nc3 a6 6. h3 e6 7. g4 d5 8. exd5
Nxd5 9. Bd2 b6 10. Qf3 Bb7 11. O-O-O Nd7 12. Bg2 Bb4 13. Nxd5 Bxd5 14. Qg3
Bxd2+ 15. Rxd2 Bxg2 16. Qxg2 Rc8 17. Rhd1 Qc7 18. Nc6 Qxc6 19. Qxc6 Rxc6 20.
Rxd7 O-O 21. f4 h6 22. Ra7 a5 23. Rd4 Rfc8 24. Rdd7 Rxc2+ 25. Kd1 Rxb2 26. Rxf7
Rbc2 27. Rxg7+ Kf8 28. Rh7 Kg8 29. Rag7+ Kf8 30. Rb7 Kg8 31. Rxh6 Rxa2 32. Rhh7
Rd8+ 33. Ke1 Rc8 34. Kd1 Rd8+ 35. Kc1 Rc8+ 36. Kb1 Rh2 37. h4 Rd8 38. Kc1 Rc8+
1/2-1/2

[Event "Seefeld-Open"]
[Site "Seefeld"]
[Date "2009.09.26"]
[Round "3.2"]
[White "Allgaier, Erik"]
[Black "Lang, Ferdinand"]
[Result "1/2-1/2"]
[WhiteElo "2073"]
[BlackElo "2156"]
[PlyCount "21"]
[EventDate "2009.??.??"]
[WhiteTeam "BVG Helmholtz"]
[BlackTeam "SC Blau.Turm Bad Wimpfen"]

1. Nf3 Nf6 2. d4 g6 3. Nc3 Bg7 4. e4 d6 5. Be3 O-O 6. Qd2 Ng4 7. Bg5 h6 8. Bh4
b6 9. h3 Nf6 10. e5 dxe5 11. Nxe5 1/2-1/2

[Event "Seefeld-Open"]
[Site "Seefeld"]
[Date "2009.09.26"]
[Round "3.3"]
[White "Schunk, Thomas"]
[Black "Gabriel, Wilfried"]
[Result "1/2-1/2"]
[WhiteElo "2279"]
[BlackElo "2053"]
[PlyCount "126"]
[EventDate "2009.??.??"]
[WhiteTeam "Leipzig-Gohlis"]
[BlackTeam "Pasing"]

1. c4 Nf6 2. Nc3 e6 3. e4 Nc6 4. Nf3 d6 5. d4 Be7 6. g3 O-O 7. Bg2 e5 8. d5 Nb8
9. h3 a5 10. O-O Nbd7 11. Ne1 Re8 12. Nd3 b6 13. f4 Bf8 14. b3 Bb7 15. Bb2 Nc5
16. Nxc5 bxc5 17. fxe5 dxe5 18. Ne2 Bd6 19. Qc2 Bc8 20. Rad1 Bd7 21. Kh2 Rf8
22. Rf3 Ne8 23. Bc3 Qb8 24. Nc1 f6 25. Bd2 Qb6 26. Rdf1 Be7 27. g4 Nd6 28. Rg3
Nf7 29. Nd3 Nh8 30. Be3 Ng6 31. Qf2 Bc8 32. Nxc5 Qb4 33. Nd3 Qb7 34. c5 Qb5 35.
Qc2 Ba6 36. Bg1 Rfd8 37. Rd1 Qb8 38. Bf1 Bxd3 39. Bxd3 Nf4 40. Bc4 Kh8 41. a4
Qb4 42. Bb5 Rab8 43. Rc3 Rxb5 44. axb5 Qxb5 45. Rc4 h6 46. Be3 Ng6 47. Qc3 Kh7
48. Kg3 Nf8 49. Rd3 Nd7 50. h4 Kg6 51. Bf2 Kh7 52. h5 Bf8 53. Qc2 Nb8 54. Rdc3
Na6 55. Qd1 Nb4 56. Qf3 Na2 57. Qf5+ Kh8 58. Rf3 a4 59. Rxa4 Nc1 60. g5 hxg5
61. Kg2 Nd3 62. Rc4 Qxb3 63. Rxd3 Qxd3 1/2-1/2

[Event "Seefeld-Open"]
[Site "Seefeld"]
[Date "2009.09.26"]
[Round "3.5"]
[White "Schmidt, Jürgen"]
[Black "Mikulic, Oliver"]
[Result "1/2-1/2"]
[WhiteElo "2035"]
[BlackElo "2086"]
[PlyCount "39"]
[EventDate "2009.??.??"]
[WhiteTeam "SC Kreuzberg e.V."]
[BlackTeam "Rochade Rum"]

1. e4 e5 2. Nf3 Nf6 3. Nxe5 d6 4. Nf3 Nxe4 5. d4 Be7 6. Be2 O-O 7. O-O Bf6 8.
c4 Re8 9. Nc3 Bg4 10. Nd5 Nd7 11. Be3 Nf8 12. Re1 Qd7 13. Nxf6+ Nxf6 14. d5 Re7
15. h3 Bh5 16. Nd4 Bxe2 17. Qxe2 Ng6 18. Qc2 Rae8 19. Nf3 h6 20. Kf1 1/2-1/2

[Event "Seefeld-Open"]
[Site "Seefeld"]
[Date "2009.09.26"]
[Round "3.6"]
[White "Neuens, Heiko"]
[Black "Mitzel, Robert"]
[Result "1/2-1/2"]
[WhiteElo "2067"]
[BlackElo "2031"]
[PlyCount "28"]
[EventDate "2009.??.??"]
[WhiteTeam "SC 1948 Prüm"]
[BlackTeam "SK Göggingen-Augsburg"]

1. e4 d6 2. d4 Nf6 3. Nc3 e5 4. Nf3 exd4 5. Nxd4 Be7 6. Be2 O-O 7. Be3 Re8 8.
Qd3 Ng4 9. Bxg4 Bxg4 10. f3 Be6 11. Qd2 Bf6 12. O-O-O Nd7 13. Nxe6 Rxe6 14. Nd5
Nb6 1/2-1/2

[Event "Seefeld-Open"]
[Site "Seefeld"]
[Date "2009.09.26"]
[Round "3.8"]
[White "Farago, Ivan"]
[Black "Russ, Colin"]
[Result "1-0"]
[WhiteElo "2476"]
[BlackElo "1874"]
[PlyCount "95"]
[EventDate "2009.??.??"]
[WhiteTeam "Budapest"]
[BlackTeam "London"]

1. d4 d5 2. c4 e6 3. Nf3 Nf6 4. Nc3 Nbd7 5. cxd5 exd5 6. Bg5 Be7 7. e3 O-O 8.
Bd3 h6 9. Bh4 c6 10. Qc2 Nh5 11. Bxe7 Qxe7 12. O-O Nhf6 13. Rab1 c5 14. dxc5
Nxc5 15. Rbc1 Nxd3 16. Qxd3 Be6 17. Rc2 Rac8 18. Rfc1 Qd7 19. Nd4 b6 20. h3 Rc5
21. b4 Rcc8 22. Qb5 Qd6 23. a3 Rfd8 24. Qa6 Kh8 25. Ncb5 Qf8 26. Rxc8 Rxc8 27.
Rxc8 Qxc8 28. Qxc8+ Bxc8 29. Nxa7 Bd7 30. f3 Kg8 31. Kf2 Kf8 32. Ke2 Ke7 33.
Kd3 Kd6 34. Nab5+ Bxb5+ 35. Nxb5+ Ke5 36. a4 Nd7 37. f4+ Kf5 38. Kd4 Ke6 39.
Nc7+ Kd6 40. Ne8+ Kc6 41. Nxg7 b5 42. a5 Nf6 43. Nf5 h5 44. Ne7+ Kd6 45. a6 Kc7
46. Nxd5+ Nxd5 47. Kxd5 Kb6 48. e4 1-0

[Event "Seefeld-Open"]
[Site "Seefeld"]
[Date "2009.09.26"]
[Round "3.10"]
[White "Pregl, Walter"]
[Black "Lins, Philipp"]
[Result "0-1"]
[WhiteElo "2115"]
[BlackElo "1857"]
[PlyCount "68"]
[EventDate "2009.??.??"]
[WhiteTeam "Absam"]
[BlackTeam "SK Pradl Innsbruck"]

1. e4 d6 2. d4 Nf6 3. Nc3 c6 4. h3 Nbd7 5. Nf3 e5 6. Be3 Qa5 7. Qd2 Be7 8. Bd3
O-O 9. O-O Re8 10. a3 Nf8 11. dxe5 dxe5 12. Nd5 Qd8 13. Nxe7+ Qxe7 14. Qb4 Qc7
15. Bc5 Ng6 16. Rfd1 Nd7 17. Be3 Nf6 18. Rd2 b6 19. Bg5 Nd7 20. Bc4 Nc5 21. Ba2
a5 22. Qc3 Nxe4 23. Qd3 Nxd2 24. Nxd2 Be6 25. Bxe6 Rxe6 26. Ne4 h6 27. Be3 Rd8
28. Qa6 c5 29. Qb5 f5 30. Qc4 Qc6 31. Nc3 f4 32. Bc1 Rd4 33. Qe2 e4 34. Qg4 e3
0-1

[Event "Seefeld-Open"]
[Site "Seefeld"]
[Date "2009.09.26"]
[Round "3.12"]
[White "Brett, Digby"]
[Black "Buchäckert, Jürgen"]
[Result "0-1"]
[WhiteElo "1810"]
[BlackElo "1991"]
[PlyCount "72"]
[EventDate "2009.??.??"]
[WhiteTeam "Oberammergau"]
[BlackTeam "SK 1912 Ludwigshafen"]

1. e4 c5 2. Nf3 Nc6 3. d4 cxd4 4. Nxd4 Nf6 5. Nc3 e5 6. Ndb5 d6 7. Bg5 a6 8.
Bxf6 gxf6 9. Na3 b5 10. Nd5 Bg7 11. c3 f5 12. Bd3 Ne7 13. Nxe7 Qxe7 14. O-O O-O
15. Nc2 Rb8 16. Qe2 fxe4 17. Bxe4 f5 18. Bd5+ Kh8 19. Rad1 a5 20. a3 Qg5 21. b4
axb4 22. cxb4 f4 23. Kh1 Bf5 24. Be4 Qg6 25. f3 Rfc8 26. Rc1 Rc4 27. Na1 Rbc8
28. Rxc4 Rxc4 29. Nb3 Bxe4 30. Rc1 Bd3 31. Qd2 Rxc1+ 32. Qxc1 Bc4 33. Na5 Qd3
34. h3 Qf1+ 35. Qxf1 Bxf1 36. Kg1 Bd3 0-1